Statistiques concernant Les duos de la chanson française

Cliquez ici pour prendre le quiz!

Statistiques générales

  • Ce quiz a été pris 226 fois
  • Le résultat moyen est 12 sur 23

Statistiques - réponses

Titre de la chanson1er interprète2° interprète% Correct
Ça balance pas mal à ParisMichel BergerFrance Gall
87%
Besoin de rien, envie de toiPeterSloane
87%
Manhattan KaboulRenaudAxelle Red
84%
Est ce que tu viens pour les vacancesDavidJonathan
82%
Je t'aime, moi non plusSerge GainsbourgJane Birkin
78%
Paroles parolesDalidaAlain Delon
72%
Bonny and ClideSerge GainsbourgBrigitte Bardot
71%
J'ai un problèmeJohnny HallydaySylvie Vartan
65%
Lemon IncestSerge GainsbourgCharlotte Gainsbourg
63%
Vieille canailleSerge GainsbourgEddy Mitchell
58%
Un roman d'amitiéGlenn MedeirosElsa
54%
L'avventuraStoneEric Charden
48%
Désir désirLaurent VoulzyVéronique Jeannot
46%
Dieu est un fumeur de havaneSerge GainsbourgCatherine Deneuve
45%
Qu’est ce que t’es belleMarc LavoineCatherine Ringer
44%
La rivière de notre enfanceMichel SardouGarou
41%
À toutes les filles que j'ai aimées avantDidier BarbelivienFélix Gray
38%
Dream in blueFrançois ValérySophie Marceau
32%
Amoureux fousHerbert LéonardJulie Piétri
30%
Je ne veux qu’elleMarc LavoineClaire Keim
29%
Kolé séréPhilippe LavilJocelyne Béroard
15%
La dame bruneBarbaraGeorges Moustaki
10%
Les mariés de VendéeDidier BarbelivienAnaïs
8%

Distribution des résultats

Percentile par nombre de réponses

% des personnes avec chaque résultat

Votre développement - résultats

Vous n’avez pas pris ce quiz